00414pab a2200145 454500008004000000100002000040245005400060260000900114300001300123362001000136650003200146650003200178650002400210773003400234180718b2012 xxu||||| |||| 00| 0 eng d aBhatt, Mihir B. aDisaster response preparedness in India and China c2012 ap.25-27. a7 Jan aDisaster prevention - India aDisaster prevention - China aDisaster prevention aEconomic and Political Weekly